000 00741nam a2200289Ia 4500
005 20260324112603.0
008 008 260324s9999 xx 000 0 eng d
020 _a9781003455615
037 _aEBOOK
040 _aCRL
040 _beng
040 _cCRL
041 _2eng
041 _aeng
084 _qCRL
100 _aNatsuyo N. Lipschutz
_91143319
245 0 _aUncover Your Message
245 4 _bThe 3-Step Process for Presenting Your Ideas Effectively and Persuasively, Globally and Locally
260 _bTaylor and Francis
260 _c2024
365 _a
365 _b230
856 _uhttp://www.taylorfrancis.com/books/9781003455615
942 _cEBOOK
999 _c1732577
_d1732577